000 01236cam a2200193 4500
001 X103567
008 000000n2000 000 0 eng u
035 _a(Sirsi) u103567
245 _aNorthern Rock Building Society v Archer; Archer v Hickmotts
260 _c2000
490 _aProperty and Compensation Reports
_v[1999] 78 P&CR 2, 65-82
520 _aCA 31 July 1998. Real property. A. mortgaged property to secure advance for brother, R. R named as surety. Building society knew A could not meet repayments. A really acting as surety. True position not apparent on face of documents. Solicitor acting for A not aware of true position though other partners were. R later adjudicated bankrupt. Society sought possession against A. A argued that mortgage secured by undue influence. A also commenced proceedings against solicitors for breach of duty. Whether mortgage void and unenforcable. Whether solicitors had failed to discharge duty to A. Liability for costs of action between A and solicitors. TAKEN FROM JOURNAL HEADNOTE.
650 _aMORTGAGES
650 _aNORTHERN ROCK BUILDING SOCIETY V ARCHER
650 _aARCHER V HICKMOTTS
650 _aBANKRUPTCY
690 _aHOUSING-HOUSING FINANCE-CASE LAW
942 _n0
999 _c62208
_d62208